Normal view
MARC view
- مشتاق،حازم طالب
Entry Personal Name
001 - CONTROL NUMBER
- control field: 20841
003 - CONTROL NUMBER IDENTIFIER
- control field: JO-AjAnu
005 - DATE AND TIME OF LATEST TRANSACTION
- control field: 20230606073623.0
008 - FIXED-LENGTH DATA ELEMENTS
- fixed length control field: 230606|| aca||aabn | a|a d
040 ## - CATALOGING SOURCE
- Original cataloging agency: JO-AjAnu
- Transcribing agency: JO-AjAnu
100 ## - HEADING--PERSONAL NAME
- Personal name: مشتاق،حازم طالب
670 ## - SOURCE DATA FOUND
- Source citation: Work cat.: (JO-AjAnu)10707: مشتاق،حازم طالب, author, من الكون الى الإنسان في الفكر اليوناني والتاريخ الفلسفي